[Event "Sparkassen-Open B"]
[Site "Heusenstamm, Martinsee"]
[Date "2021.11.19"]
[Round "3.6"]
[White "Bauer, Ottmar"]
[Black "Bangerter, Daria"]
[Result "1/2-1/2"]
[WhiteElo "1750"]
[BlackElo "1627"]
[PlyCount "43"]
[EventDate "2021.??.??"]
[WhiteTeam "TSV Rottendorf"]
[BlackTeam "ASK Reti Zuerich"]

1. e4 e5 2. Nf3 Nc6 3. Bb5 a6 4. Ba4 Nf6 5. d4 exd4 6. O-O Be7 7. Re1 b5 8. Bb3
d6 9. Bd5 Nxd5 10. exd5 Ne5 11. Nxd4 O-O 12. Nd2 Bb7 13. f4 Ng6 14. Qf3 Bf6 15.
N2b3 Nh4 16. Qd3 Bxd5 17. g3 Ng6 18. Nf5 Bc4 19. Qf3 Qd7 20. g4 Rfe8 21. Ne3
Nh4 22. Qg3 1/2-1/2

[Event "Sparkassen-Open B"]
[Site "Heusenstamm, Martinsee"]
[Date "2021.11.19"]
[Round "3.7"]
[White "Blank, Stephan"]
[Black "Bigott, Martin"]
[Result "1/2-1/2"]
[WhiteElo "1631"]
[BlackElo "1745"]
[PlyCount "126"]
[EventDate "2021.??.??"]
[WhiteTeam "SC FK Babenhausen"]
[BlackTeam "SK Köln-Südwest"]

1. e4 Nf6 2. Nc3 d5 3. exd5 Nxd5 4. Nxd5 Qxd5 5. Nf3 Bg4 6. Be2 e6 7. O-O Nc6
8. c3 Be7 9. d4 O-O 10. Bf4 Rac8 11. Re1 Rfd8 12. Ne5 Bxe2 13. Qxe2 Nxe5 14.
Bxe5 Bd6 15. Bg3 Bxg3 16. fxg3 c5 17. dxc5 Qxc5+ 18. Kf1 Rd5 19. Qe3 Rf5+ 20.
Kg1 Qxe3+ 21. Rxe3 Rd8 22. Rae1 Rd2 23. R1e2 Rxe2 24. Rxe2 Kf8 25. g4 Rd5 26.
Kf2 Ke7 27. h3 h6 28. c4 Rd4 29. b3 Kd6 30. Ke3 Rd1 31. Rf2 f6 32. Ke2 Ra1 33.
Kd3 Rd1+ 34. Ke2 Rd4 35. Ke3 e5 36. a3 Kc5 37. b4+ Kxc4 38. Rc2+ Kb3 39. Rc7
Kxa3 40. Rxb7 a6 41. Rb6 Rd7 42. Rxa6+ Kxb4 43. Rc6 Kb5 44. Rc1 Kb6 45. Ke4 Rc7
46. Rb1+ Kc6 47. Kf5 Kd6 48. Rd1+ Ke7 49. Ke4 Rd7 50. Ra1 Kf7 51. h4 Rd4+ 52.
Kf3 Rd3+ 53. Kf2 Rd7 54. Ke3 Kg6 55. Ra6 Rb7 56. g3 Rb3+ 57. Kf2 Rb7 58. Kf3
Kf7 59. Ke3 g6 60. Kf3 Kg7 61. Ke3 h5 62. g5 f5 63. Kf3 Rb3+ 1/2-1/2

[Event "Sparkassen-Open B"]
[Site "Heusenstamm, Martinsee"]
[Date "2021.11.19"]
[Round "3.8"]
[White "Wartenberg, Alexander"]
[Black "Akhmatovski, Maxim"]
[Result "0-1"]
[WhiteElo "1405"]
[BlackElo "1359"]
[PlyCount "120"]
[EventDate "2021.??.??"]
[WhiteTeam "Hamburger SK"]
[BlackTeam "SV Oberursel"]

1. e4 e6 2. d4 d5 3. Nc3 dxe4 4. Nxe4 Nd7 5. Bd3 Ngf6 6. Ne2 Be7 7. N2c3 c5 8.
Nb5 Nxe4 9. Bxe4 Nf6 10. Bd3 a6 11. Nc3 cxd4 12. Ne2 e5 13. Bg5 h6 14. Bh4 Qd5
15. Bxf6 Bxf6 16. f3 Qa5+ 17. c3 Be6 18. O-O O-O 19. cxd4 exd4 20. Nf4 Bd7 21.
Qb3 Bg5 22. Ne2 Be3+ 23. Kh1 Bc6 24. Bc2 Bb5 25. Bd3 Bxd3 26. Qxd3 Rfd8 27.
Rfd1 Qb6 28. b3 Rac8 29. Qe4 Qc6 30. Qg4 Qg6 31. Qh4 Rd7 32. Ng3 Rc2 33. Qh3
Rd5 34. Qh4 Bf2 35. Qf4 Rg5 36. Rdc1 Be3 37. Qb8+ Kh7 38. Rxc2 Qxc2 39. Qxb7 f5
40. Qd5 d3 41. Qc4 Rg6 42. Qxc2 dxc2 43. Ne2 Rd6 44. Nc3 c1=Q+ 45. Rxc1 Bxc1
46. g3 Rd2 47. b4 Rc2 48. b5 Rxc3 49. bxa6 Ra3 50. a7 Rxa7 51. a4 Rxa4 52. f4
g5 53. g4 fxg4 54. f5 Ra2 55. h4 gxh3 56. f6 g4 57. f7 Kg7 58. f8=Q+ Kxf8 59.
Kg1 g3 60. Kh1 Rd2 0-1

[Event "Sparkassen-Open B"]
[Site "Heusenstamm, Martinsee"]
[Date "2021.11.19"]
[Round "3.9"]
[White "Schmid, Leon"]
[Black "Markosyan, Aleksandr"]
[Result "0-1"]
[WhiteElo "1536"]
[BlackElo "1716"]
[PlyCount "78"]
[EventDate "2021.??.??"]
[WhiteTeam "SF Heidesheim"]
[BlackTeam "SG Idstein"]

1. e4 c5 2. Nf3 g6 3. g3 Bg7 4. Bg2 Nc6 5. d3 d6 6. O-O e5 7. Nc3 Nge7 8. Nd2
a6 9. a4 Be6 10. Nc4 O-O 11. a5 Bxc4 12. dxc4 Nxa5 13. Qd3 Nac6 14. Nd5 Nxd5
15. Qxd5 Qd7 16. Rd1 Rad8 17. Bg5 Ne7 18. Qxd6 Qxd6 19. Rxd6 Rxd6 20. Bxe7 Rd2
21. Bxf8 Bxf8 22. Rc1 Bh6 23. Rb1 Rxc2 24. b4 Rxc4 25. bxc5 Rxc5 26. Rxb7 a5
27. Ra7 Bd2 28. Bf1 Rc2 29. Bd3 Rc3 30. Be2 Rc5 31. Kg2 Kg7 32. Rd7 Bc3 33. Ra7
Bd4 34. Ra8 Rc2 35. Kf1 Ra2 36. Rb8 a4 37. Rb7 Rc2 38. Rb4 a3 39. Ra4 a2 0-1

[Event "Sparkassen-Open B"]
[Site "Heusenstamm, Martinsee"]
[Date "2021.11.19"]
[Round "3.12"]
[White "Jahraus, Marlis"]
[Black "Michalski, Uwe"]
[Result "0-1"]
[WhiteElo "1590"]
[BlackElo "1753"]
[PlyCount "58"]
[EventDate "2021.??.??"]
[WhiteTeam "SF Zeutern"]
[BlackTeam "SF Mainz"]

1. e4 d5 2. exd5 Nf6 3. d4 Nxd5 4. c4 Nf6 5. Nf3 Bg4 6. Be2 e6 7. O-O Nbd7 8.
Nc3 c6 9. h3 Bh5 10. Be3 Qc7 11. Qd2 O-O-O 12. Ng5 Bg6 13. Bf3 Bb4 14. Qe2 Bxc3
15. bxc3 h6 16. Bd2 hxg5 17. Bxg5 Rde8 18. Qe3 Nb6 19. Be2 e5 20. Qf3 e4 21.
Qe3 Bh5 22. Bf4 Qd7 23. Bh2 Bxe2 24. Qxe2 g5 25. Qe3 Qf5 26. Qg3 Qf4 27. Qxf4
gxf4 28. Bxf4 Nxc4 29. Be5 Nxe5 0-1

[Event "Sparkassen-Open B"]
[Site "Heusenstamm, Martinsee"]
[Date "2021.11.19"]
[Round "3.13"]
[White "Steinke, Hans-Jörg"]
[Black "Gude, Michael"]
[Result "1-0"]
[WhiteElo "1745"]
[BlackElo "1643"]
[PlyCount "65"]
[EventDate "2021.??.??"]
[WhiteTeam "SV Erkenschwick"]
[BlackTeam "Frankfurter TV"]

1. d4 e6 2. c4 f5 3. Nc3 Nf6 4. Nf3 d5 5. g3 c6 6. cxd5 cxd5 7. Bg2 Nc6 8. O-O
Bd6 9. b3 O-O 10. Bb2 Bd7 11. Nb5 Be7 12. Ba3 Bxa3 13. Nxa3 Qa5 14. Nc2 Ne4 15.
Qe1 Qb6 16. Rb1 Rfc8 17. a4 Nd8 18. Na3 Nc3 19. Nc4 Nxe2+ 20. Qxe2 dxc4 21.
bxc4 Qa6 22. Ne5 Be8 23. Rb4 Rab8 24. Rfb1 g6 25. d5 Qd6 26. dxe6 b6 27. Bd5
Kf8 28. Qe3 Kg7 29. Nf3 Nc6 30. Qc3+ Kh6 31. Bxc6 Bxc6 32. c5 Qd5 33. Rh4# 1-0

[Event "Sparkassen-Open B"]
[Site "Heusenstamm, Martinsee"]
[Date "2021.11.19"]
[Round "3.14"]
[White "Pichl, Christoph"]
[Black "Jordake, Michael"]
[Result "1/2-1/2"]
[WhiteElo "1528"]
[BlackElo "1744"]
[PlyCount "62"]
[EventDate "2021.??.??"]
[WhiteTeam "SK Bad Homburg"]
[BlackTeam "SC Bergen-Enkheim"]

1. d4 Nf6 2. Nf3 e6 3. Bf4 b6 4. e3 Bb7 5. Bd3 Nc6 6. Nbd2 Be7 7. h3 Nb4 8. Be2
Ne4 9. a3 Nxd2 10. Qxd2 Nd5 11. Bg3 O-O 12. O-O f5 13. c4 Nf6 14. b4 Ne4 15.
Qc2 Nxg3 16. fxg3 Bg5 17. Qc3 Bf6 18. Bd3 c5 19. Rae1 Rc8 20. e4 cxd4 21. Nxd4
fxe4 22. Bxe4 Bxe4 23. Rxe4 Qc7 24. Rc1 Qb7 25. Qd3 a6 26. Nb3 Bb2 27. Rb1 Bf6
28. c5 Rfd8 29. Rd1 e5 30. Qd5+ Qxd5 31. Rxd5 Rc6 1/2-1/2

[Event "Sparkassen-Open B"]
[Site "Heusenstamm, Martinsee"]
[Date "2021.11.19"]
[Round "3.15"]
[White "Spelleken, Mark"]
[Black "Bengsch, Norbert"]
[Result "1/2-1/2"]
[WhiteElo "1434"]
[BlackElo "1716"]
[PlyCount "71"]
[EventDate "2021.??.??"]
[WhiteTeam "SC Kahl"]
[BlackTeam "SG Donautal Tuttlingen"]

1. d4 Nf6 2. c4 e5 3. dxe5 Ng4 4. Nf3 Bc5 5. e3 Nc6 6. Qd5 Qe7 7. a3 a5 8. Nbd2
Ngxe5 9. Nxe5 Qxe5 10. Nb3 d6 11. Nxc5 dxc5 12. Qxe5+ Nxe5 13. b3 O-O 14. Bb2
Re8 15. Be2 Bf5 16. Rc1 Rad8 17. Bxe5 Rxe5 18. O-O Re7 19. Rfd1 Red7 20. f3
Rxd1+ 21. Rxd1 Rxd1+ 22. Bxd1 Bd3 23. Kf2 a4 24. bxa4 Bxc4 25. e4 f6 26. Ke3
Kf7 27. Be2 Bb3 28. a5 Ke7 29. a6 bxa6 30. Bxa6 Kd6 31. Kd3 Kc6 32. Bc4 Ba4 33.
Kc3 Kb6 34. h4 c6 35. f4 Bd1 36. g3 1/2-1/2

[Event "Sparkassen-Open B"]
[Site "Heusenstamm, Martinsee"]
[Date "2021.11.19"]
[Round "3.16"]
[White "Boscher, Hans"]
[Black "John, Volkmar"]
[Result "1/2-1/2"]
[WhiteElo "1578"]
[BlackElo "1693"]
[PlyCount "100"]
[EventDate "2021.??.??"]
[WhiteTeam "SC Bad Soden"]
[BlackTeam "SK Herborn"]

1. e4 c5 2. d3 g6 3. f4 Bg7 4. Nf3 e6 5. Be2 Ne7 6. O-O Nbc6 7. c3 O-O 8. Be3
b6 9. d4 cxd4 10. cxd4 d5 11. e5 Nf5 12. Bf2 h5 13. Nc3 Bb7 14. Rc1 Rc8 15. Qd2
Qe7 16. Nd1 f6 17. Ne3 Nxe3 18. Bxe3 f5 19. Qe1 Nb4 20. Qg3 Qf7 21. a3 Ba6 22.
Bxa6 Nxa6 23. Nh4 Kh7 24. Nf3 Bh6 25. Bd2 Qd7 26. Rc3 Rxc3 27. Bxc3 Rc8 28.
Ng5+ Bxg5 29. fxg5 Nc7 30. Qd3 Qb5 31. Rd1 Qxd3 32. Rxd3 a5 33. Kf2 Nb5 34. Ke2
Kg7 35. Kd2 Kf7 36. a4 Na7 37. b4 axb4 38. Bxb4 Rc4 39. Rc3 Rxd4+ 40. Kc2 Rc4
41. Rxc4 dxc4 42. Kc3 b5 43. axb5 Nxb5+ 44. Kxc4 Nc7 45. Bd2 Ke7 46. Kc5 Kd7
47. h4 Nd5 48. Kb5 f4 49. Kc5 Ne3 50. g3 Nf5 1/2-1/2

[Event "Sparkassen-Open B"]
[Site "Heusenstamm, Martinsee"]
[Date "2021.11.19"]
[Round "3.17"]
[White "Schellenberger, Dirk"]
[Black "Schwegler, Jelena"]
[Result "1-0"]
[WhiteElo "1660"]
[BlackElo "1484"]
[PlyCount "47"]
[EventDate "2021.??.??"]
[WhiteTeam "SC Aschaffenburg"]
[BlackTeam "SK Bad Homburg"]

1. Nf3 Nf6 2. c4 c5 3. Nc3 Nc6 4. d4 cxd4 5. Nxd4 d5 6. g3 e5 7. Nxc6 bxc6 8.
Bg2 Bb7 9. Qa4 Qd7 10. Bg5 e4 11. Bxf6 gxf6 12. Rd1 Rd8 13. Nxe4 Qf5 14. Rxd5
Rxd5 15. cxd5 Kd7 16. h4 Kc7 17. Qa5+ Kb8 18. Qd8+ Bc8 19. O-O cxd5 20. Rc1 Bg7
21. Qc7+ Ka8 22. Nd6 Qe5 23. Qxc8+ Rxc8 24. Rxc8# 1-0

[Event "Sparkassen-Open B"]
[Site "Heusenstamm, Martinsee"]
[Date "2021.11.19"]
[Round "3.18"]
[White "Englert, Fred"]
[Black "Wartenberg, Julian"]
[Result "0-1"]
[WhiteElo "1779"]
[BlackElo "1531"]
[PlyCount "140"]
[EventDate "2021.??.??"]
[WhiteTeam "SK Klingenberg"]
[BlackTeam "Hamburger SK"]

1. c4 c6 2. g3 Nf6 3. Bg2 d5 4. d4 Bf5 5. cxd5 cxd5 6. Nf3 h6 7. Nc3 e6 8. O-O
Nc6 9. b3 a6 10. Bb2 Bd6 11. Rc1 O-O 12. Re1 Qa5 13. a3 Rac8 14. b4 Qb6 15. Na4
Qa7 16. Nc5 b6 17. Nd3 Qb7 18. Nde5 Nd7 19. Nxd7 Qxd7 20. Nd2 Be7 21. e4 dxe4
22. Nxe4 Rfd8 23. Qd3 b5 24. Red1 Ne5 25. Qe2 Bxe4 26. Bxe4 Rxc1 27. Bxc1 Nc4
28. Qf3 Qc7 29. Bb1 Bf6 30. Qg4 Kf8 31. Qe4 Rd5 32. Ba2 Nd6 33. Qf4 Rxd4 34.
Rxd4 Bxd4 35. Bxe6 Bf6 36. Bd5 Bg5 37. Qf3 Bxc1 38. Kg2 Bg5 39. h4 Bf6 40. Qf4
Qd8 41. Qe3 Nc4 42. Qc5+ Be7 43. Qc6 Nxa3 44. Bf3 Bxb4 45. Qxa6 Qb8 46. Bd5 Be7
47. Qc6 b4 48. Bb3 Nb5 49. Qd5 Nd6 50. Qf3 Bf6 51. Kh2 Nb7 52. Qd5 Nd8 53. Qd7
Bxh4 54. Ba4 Qe5 55. Kg1 Bf6 56. Bb3 Qe1+ 57. Kg2 Qe4+ 58. Kh2 Qf3 59. Bd5
Qxf2+ 60. Kh3 Qd4 61. Qb5 Be7 62. Bb3 Qc3 63. Ba4 Qc8+ 64. Kh2 Ne6 65. Qf5 g6
66. Qf2 Kg7 67. Bb3 Qc3 68. Qa2 Nc5 69. Bxf7 b3 70. Qf2 Qc2 0-1

[Event "Sparkassen-Open B"]
[Site "Heusenstamm, Martinsee"]
[Date "2021.11.19"]
[Round "3.19"]
[White "Schwenk, Stefan"]
[Black "Mandalka, Justus"]
[Result "1-0"]
[WhiteElo "1719"]
[BlackElo "1366"]
[PlyCount "113"]
[EventDate "2021.??.??"]
[WhiteTeam "SK Geisenheim"]
[BlackTeam "SK Bad Homburg"]

1. c4 c5 2. g3 g6 3. Bg2 Bg7 4. e3 Nc6 5. Ne2 Ne5 6. d3 Rb8 7. f4 Nc6 8. Nbc3
Nf6 9. O-O d6 10. h3 h5 11. e4 e6 12. a3 O-O 13. Rb1 a6 14. b4 cxb4 15. axb4
Qb6+ 16. Kh2 e5 17. f5 Nd4 18. Bg5 gxf5 19. Bxf6 Bxf6 20. Nd5 Qd8 21. Nxd4 exd4
22. Qxh5 Kg7 23. exf5 Rh8 24. Qg4+ Kf8 25. Nxf6 Qxf6 26. Rbe1 Rg8 27. Qf4 Bd7
28. c5 Bb5 29. Rf3 Rd8 30. Qd2 Bc6 31. Rf4 dxc5 32. bxc5 Bd5 33. Qb4 Bxg2 34.
Kxg2 Qc6+ 35. Kf2 Rd5 36. g4 Kg7 37. Rxd4 Rxc5 38. Rc4 Rxc4 39. Qxc4 Qd6 40.
Kg2 b5 41. Qc3+ Kh7 42. Qb3 Qc6+ 43. Re4 Qb7 44. Kg3 Qc7+ 45. Kf3 Rf8 46. Qb2
Rd8 47. d4 Qc4 48. Qf2 Qd3+ 49. Qe3 Qf1+ 50. Kg3 Qc4 51. g5 Qc7+ 52. Kf3 Qc6
53. f6 b4 54. Qb3 Qb7 55. Ke3 Rd7 56. Qd3 Kg6 57. Rg4+ 1-0

[Event "Sparkassen-Open B"]
[Site "Heusenstamm, Martinsee"]
[Date "2021.11.19"]
[Round "3.20"]
[White "Raghavan, Badrinarayanan"]
[Black "Ghaznavi, Massoud"]
[Result "1-0"]
[WhiteElo "1693"]
[BlackElo "1510"]
[PlyCount "102"]
[EventDate "2021.??.??"]
[WhiteTeam "SK Gießen"]
[BlackTeam "SV Oberursel"]

1. c4 c5 2. e4 e5 3. Nc3 d6 4. g3 Be6 5. d3 Nf6 6. Bg2 Be7 7. Nge2 h6 8. O-O
Nc6 9. f4 Bg4 10. h3 Bxe2 11. Nxe2 Qc7 12. a3 Nd7 13. Rb1 exf4 14. Nxf4 Nde5
15. Nd5 Qd7 16. b4 Bg5 17. b5 Ne7 18. Bxg5 hxg5 19. Ne3 Rxh3 20. Nf5 Rh7 21.
Rc1 g6 22. Ne3 O-O-O 23. d4 cxd4 24. Qxd4 Kb8 25. a4 Qc7 26. Rfd1 g4 27. c5 Nc8
28. cxd6 Qxd6 29. Rxc8+ Kxc8 30. Qxd6 Rxd6 31. Rxd6 Rh8 32. Rd5 Re8 33. Rc5+
Kb8 34. Nc4 Nd7 35. Rg5 Rc8 36. Nd6 Rc1+ 37. Kh2 f5 38. exf5 gxf5 39. Rg8+ Kc7
40. Rc8+ Kxd6 41. Rxc1 b6 42. Rc6+ Ke7 43. Rc7 Kd6 44. Rxa7 Nc5 45. Bc6 Ke5 46.
a5 bxa5 47. Rxa5 Nb3 48. Ra4 Nc5 49. b6 Kd6 50. b7 Kxc6 51. b8=Q Nxa4 1-0

[Event "Sparkassen-Open B"]
[Site "Heusenstamm, Martinsee"]
[Date "2021.11.19"]
[Round "3.21"]
[White "Kuchta, Maksim"]
[Black "Köberl, Christiane"]
[Result "1-0"]
[WhiteElo "1490"]
[BlackElo "1680"]
[PlyCount "61"]
[EventDate "2021.??.??"]
[WhiteTeam "SC Heusenstamm"]
[BlackTeam "VL Sulzbach"]

1. e4 e6 2. d4 d5 3. e5 c5 4. c3 Nc6 5. Nf3 a6 6. a3 Be7 7. Be2 f6 8. Bf4 Qb6
9. Ra2 g5 10. exf6 Nxf6 11. Bxg5 cxd4 12. Nxd4 Rg8 13. Bh5+ Kd8 14. Bxf6 Bxf6
15. Nxc6+ Qxc6 16. O-O Kc7 17. Nd2 Bd7 18. Nb3 e5 19. Bf3 e4 20. Be2 Qe6 21.
Qd2 Rxg2+ 22. Kxg2 Rg8+ 23. Kh1 Qh3 24. Qf4+ Kc8 25. Rg1 Rxg1+ 26. Kxg1 Qe6 27.
Nc5 Qg8+ 28. Qg3 Qf7 29. Nxd7 Kxd7 30. Bg4+ Kc6 31. Ra1 1-0

[Event "Sparkassen-Open B"]
[Site "Heusenstamm, Martinsee"]
[Date "2021.11.19"]
[Round "3.22"]
[White "Spreer, Lutz"]
[Black "Englert, Lin"]
[Result "1/2-1/2"]
[WhiteElo "1626"]
[BlackElo "1476"]
[PlyCount "76"]
[EventDate "2021.??.??"]
[WhiteTeam "1. Burgstädter SK 1914"]
[BlackTeam "TV-Großostheim"]

1. e4 c5 2. Nc3 Nc6 3. f4 g6 4. Nf3 Bg7 5. Bb5 d6 6. d3 Bd7 7. O-O a6 8. Bxc6
Bxc6 9. Be3 b6 10. e5 e6 11. Ng5 h6 12. Nge4 dxe5 13. fxe5 Bxe5 14. Qf3 Qc7 15.
h3 f5 16. Qf2 O-O-O 17. Nd2 g5 18. Nc4 f4 19. Nxe5 Qxe5 20. Bd2 Qd4 21. Rae1
Qxf2+ 22. Rxf2 Rd6 23. Ne4 Bxe4 24. Rxe4 Nf6 25. Re5 Nd5 26. h4 Rg8 27. Rfe2
Kd7 28. a3 Nf6 29. Bc3 Nd5 30. Bd2 Ke7 31. b4 cxb4 32. axb4 Kf7 33. c4 Nf6 34.
c5 bxc5 35. bxc5 Rc6 36. d4 Ng4 37. R5e4 Rd8 38. g3 Nf6 1/2-1/2

[Event "Sparkassen-Open B"]
[Site "Heusenstamm, Martinsee"]
[Date "2021.11.19"]
[Round "3.23"]
[White "Meuer, David"]
[Black "Huang, Luca Hanson"]
[Result "1-0"]
[WhiteElo "1649"]
[BlackElo "1429"]
[PlyCount "65"]
[EventDate "2021.??.??"]
[WhiteTeam "SV Lahnstein"]
[BlackTeam "SK Frankenthal"]

1. e4 c5 2. c3 e6 3. d4 cxd4 4. cxd4 Nf6 5. e5 Nd5 6. Nf3 Nc6 7. Bc4 Bb4+ 8.
Bd2 Bxd2+ 9. Qxd2 Nb6 10. Bd3 d6 11. exd6 Qxd6 12. Nc3 a6 13. O-O Bd7 14. Qe3
Nb4 15. Rfd1 Nxd3 16. Qxd3 O-O 17. Ne4 Qe7 18. Neg5 g6 19. h4 Bb5 20. Qb3 Qd8
21. Re1 Bc4 22. Qe3 Nd5 23. Qd2 Rc8 24. Ne5 Bb5 25. Ngf3 Kg7 26. Ng4 Kh8 27.
Qh6 Qe7 28. Ng5 f5 29. Rxe6 Qg7 30. Qxg7+ Kxg7 31. Ne3 Nxe3 32. Rxe3 Kh6 33.
Ne6 1-0

[Event "Sparkassen-Open B"]
[Site "Heusenstamm, Martinsee"]
[Date "2021.11.19"]
[Round "3.24"]
[White "Bergner, Matthias"]
[Black "Wolff, Calvin"]
[Result "1-0"]
[WhiteElo "1632"]
[BlackElo "1425"]
[PlyCount "103"]
[EventDate "2021.??.??"]
[WhiteTeam "SV Neu-Isenburg"]
[BlackTeam "Heilbronner SV"]

1. d4 Nf6 2. Nf3 g6 3. g3 Bg7 4. Bg2 d5 5. O-O c6 6. e3 Bf5 7. Nbd2 Na6 8. a3
O-O 9. b4 b6 10. Bb2 Ne4 11. Nxe4 Bxe4 12. Nd2 Bxg2 13. Kxg2 c5 14. b5 Nc7 15.
a4 a6 16. bxa6 Nxa6 17. c3 e5 18. Nf3 f6 19. Qb3 Kh8 20. Rfd1 exd4 21. exd4 c4
22. Qb5 Nb8 23. Re1 Ra5 24. Qb4 Nc6 25. Qa3 Qd7 26. Qa2 b5 27. Qb1 Rxa4 28.
Rxa4 bxa4 29. Ba3 Rb8 30. Qc2 Rb3 31. Bc5 Kg8 32. Nd2 Na5 33. Re7 Qb5 34. Nxb3
cxb3 35. Qb1 Bf8 36. Qe1 Bxe7 37. Qe6+ Kg7 38. Qxe7+ Kh6 39. Qxf6 Qxc5 40. dxc5
b2 41. Qf8+ Kh5 42. Qf4 g5 43. g4+ Kg6 44. Qf5+ Kg7 45. Qxg5+ Kf7 46. Qxd5+ Kg7
47. Qd4+ Kf7 48. Qd7+ Kf6 49. Qd8+ Kf7 50. Qxa5 b1=Q 51. Qxa4 Qb7+ 52. c6 1-0

[Event "Sparkassen-Open B"]
[Site "Heusenstamm, Martinsee"]
[Date "2021.11.19"]
[Round "3.25"]
[White "Rotärmel, Leonie"]
[Black "Althaus, Lennart"]
[Result "1-0"]
[WhiteElo "1389"]
[BlackElo "1620"]
[PlyCount "57"]
[EventDate "2021.??.??"]
[WhiteTeam "SV Oberursel"]
[BlackTeam "TV-Großostheim"]

1. e4 d5 2. exd5 Qxd5 3. Nc3 Qa5 4. d4 Nf6 5. Nf3 Bg4 6. h3 Bf5 7. Bd3 Bxd3 8.
Qxd3 c6 9. Bd2 Qd8 10. O-O-O Nbd7 11. Rhe1 Nb6 12. Bf4 e6 13. a3 Be7 14. Kb1
Nfd5 15. Be5 O-O 16. Nd2 Nxc3+ 17. Qxc3 Nd5 18. Qf3 c5 19. dxc5 Bxc5 20. Ne4
Qe7 21. Nxc5 Qxc5 22. Qg3 f6 23. Bd6 Qc6 24. Bxf8 Kxf8 25. Qd3 Rc8 26. Qe4 f5
27. Qxe6 Qxc2+ 28. Ka1 Nc3 29. Qe7+ 1-0

[Event "Sparkassen-Open B"]
[Site "Heusenstamm, Martinsee"]
[Date "2021.11.19"]
[Round "3.26"]
[White "Schönfeld, Ulrich"]
[Black "Kuran, Rainer"]
[Result "1/2-1/2"]
[WhiteElo "1610"]
[BlackElo "1461"]
[PlyCount "40"]
[EventDate "2021.??.??"]
[WhiteTeam "TSV Kirchehrenbach"]
[BlackTeam "Karlsruher SF"]

1. c4 Nf6 2. g3 e6 3. Bg2 Be7 4. Nc3 O-O 5. e4 e5 6. Nge2 d6 7. O-O b6 8. d3
Bb7 9. f4 exf4 10. Nxf4 Re8 11. Qf3 Nc6 12. Nfd5 Ne5 13. Qe2 Nxd5 14. cxd5 Ba6
15. Rd1 Bg5 16. b4 Qf6 17. Bxg5 Qxg5 18. b5 Bc8 19. Qd2 Qxd2 20. Rxd2 a6
1/2-1/2

[Event "Sparkassen-Open B"]
[Site "Heusenstamm, Martinsee"]
[Date "2021.11.19"]
[Round "3.28"]
[White "Ziegler, Christopher"]
[Black "Czinkota, Michael"]
[Result "1-0"]
[WhiteElo "1443"]
[BlackElo "1604"]
[PlyCount "63"]
[EventDate "2021.??.??"]
[WhiteTeam "SV Kelsterbach"]
[BlackTeam "SC Bad Soden"]

1. e4 e5 2. Nc3 Bc5 3. f4 exf4 4. Nf3 Nc6 5. Bc4 a6 6. d4 Ba7 7. Bxf4 d6 8. Qd2
Bg4 9. Ng5 Nh6 10. h3 Bh5 11. g4 Bg6 12. Nf3 Qd7 13. O-O-O O-O-O 14. Be3 Bxe4
15. Nxe4 d5 16. Nf6 gxf6 17. Bxh6 dxc4 18. Bg7 Rhg8 19. Bxf6 Rde8 20. Kb1 Qd5
21. Rhf1 Rg6 22. g5 h6 23. h4 hxg5 24. hxg5 Nb8 25. Ne5 Rgg8 26. Qf4 Nd7 27.
Qf5 Qe6 28. Nxd7 Kxd7 29. Qf3 Qe4 30. Qh5 Qg6 31. Qg4+ Re6 32. d5 1-0

[Event "Sparkassen-Open B"]
[Site "Heusenstamm, Martinsee"]
[Date "2021.11.19"]
[Round "3.29"]
[White "Wolff, Sidney Robert"]
[Black "Nimrichter, Christian"]
[Result "1-0"]
[WhiteElo "1604"]
[BlackElo "1446"]
[PlyCount "41"]
[EventDate "2021.??.??"]
[WhiteTeam "Heilbronner SV"]
[BlackTeam "VSG Offenbach"]

1. f4 d5 2. b3 Nc6 3. Bb2 Bf5 4. Nf3 Qd7 5. e3 e6 6. Bb5 Bd6 7. Bxg7 f6 8. Bxh8
a6 9. Bxc6 Qxc6 10. Nd4 Qd7 11. Nxf5 O-O-O 12. Nxd6+ Qxd6 13. Qh5 Qe7 14. O-O
d4 15. e4 h6 16. e5 Qh7 17. Bxf6 Nxf6 18. exf6 Qxc2 19. Na3 Qxd2 20. Nc4 Qe2
21. Qxe2 1-0

[Event "Sparkassen-Open B"]
[Site "Heusenstamm, Martinsee"]
[Date "2021.11.19"]
[Round "3.30"]
[White "Kanno, Clara Yumi"]
[Black "Leichum, Engelbert"]
[Result "0-1"]
[WhiteElo "1178"]
[BlackElo "1603"]
[PlyCount "64"]
[EventDate "2021.??.??"]
[WhiteTeam "SK Altenkirchen"]
[BlackTeam "VL Frankfurt"]

1. e4 d5 2. exd5 Nf6 3. d4 Bg4 4. Nf3 c6 5. Be2 cxd5 6. O-O e6 7. Bf4 Nc6 8. h3
Bh5 9. Nc3 a6 10. a3 Bd6 11. Bxd6 Qxd6 12. Re1 O-O 13. Qd3 Bg6 14. Qd1 Ne7 15.
Nh4 Be4 16. Nxe4 Nxe4 17. Bd3 Nxf2 18. Kxf2 Qf4+ 19. Nf3 f5 20. Rxe6 Ng6 21.
Qd2 Qc7 22. Rae1 Nf4 23. R6e5 Nh5 24. Bxf5 g6 25. Be6+ Kh8 26. Bxd5 Rad8 27. c3
Rxd5 28. Rxd5 Qg3+ 29. Kf1 Rxf3+ 30. gxf3 Qxf3+ 31. Qf2 Ng3+ 32. Kg1 Qh1# 0-1

[Event "Sparkassen-Open B"]
[Site "Heusenstamm, Martinsee"]
[Date "2021.11.19"]
[Round "3.31"]
[White "Boll, Nils"]
[Black "Kirchner, Stefan"]
[Result "0-1"]
[WhiteElo "1406"]
[BlackElo "1598"]
[PlyCount "58"]
[EventDate "2021.??.??"]
[WhiteTeam "SV Großauheim"]
[BlackTeam "SF Schöneck"]

1. d4 f5 2. Nc3 Nf6 3. Nf3 g6 4. Bg5 Bg7 5. e3 O-O 6. Bc4+ d5 7. Bb3 c6 8. O-O
Qe8 9. Ne2 Nbd7 10. c4 e6 11. Re1 h6 12. Bxf6 Nxf6 13. Nc3 Ne4 14. Rc1 Qe7 15.
cxd5 exd5 16. Bc2 g5 17. Kf1 g4 18. Ng1 Qh4 19. Bxe4 fxe4 20. Qd2 Qxh2 21. g3
Be6 22. Nd1 Qxg3 23. Ke2 Qg2 24. Rf1 g3 25. Qe1 Bg4+ 26. Kd2 Bxd1 27. Kxd1 gxf2
28. Rxf2 Rxf2 29. Qxf2 Qxf2 0-1

[Event "Sparkassen-Open B"]
[Site "Heusenstamm, Martinsee"]
[Date "2021.11.19"]
[Round "3.32"]
[White "Traut, Stefan"]
[Black "Laux, Filip"]
[Result "1-0"]
[WhiteElo "1589"]
[BlackElo "1320"]
[PlyCount "93"]
[EventDate "2021.??.??"]
[WhiteTeam "SF Heusenstamm"]
[BlackTeam "VSG Offenbach"]

1. d4 d5 2. Nf3 Nf6 3. c4 c6 4. Qc2 e6 5. g3 Bd6 6. Bg2 O-O 7. O-O Re8 8. Nbd2
Nbd7 9. e4 Nxe4 10. Nxe4 dxe4 11. Qxe4 Nf6 12. Qc2 h6 13. Re1 c5 14. dxc5 Bxc5
15. Be3 Bb4 16. Red1 Qc7 17. a3 Bc5 18. Bxc5 Qxc5 19. b4 Qc7 20. Rac1 a5 21.
Nd4 Bd7 22. b5 e5 23. Nf5 Rac8 24. Nd6 b6 25. Nxe8 Nxe8 26. a4 Be6 27. Bd5 Bxd5
28. Rxd5 Nf6 29. Rd2 Nd7 30. Rcd1 Nf8 31. Rc1 Ne6 32. Rd5 Nd4 33. Qd3 f6 34. c5
Qf7 35. Rxd4 exd4 36. Qxd4 Qe7 37. Qd5+ Kh8 38. c6 Rd8 39. Qf3 Qc7 40. Rd1 Kg8
41. Qe2 Kf7 42. Rd3 Re8 43. Rd7+ Qxd7 44. cxd7 Rxe2 45. d8=Q Re6 46. Qd5 f5 47.
Qxf5+ 1-0

[Event "Sparkassen-Open B"]
[Site "Heusenstamm, Martinsee"]
[Date "2021.11.19"]
[Round "3.33"]
[White "Jumah, Shayan"]
[Black "Ulrich, Helena Irene"]
[Result "0-1"]
[WhiteElo "1264"]
[BlackElo "1537"]
[PlyCount "80"]
[EventDate "2021.??.??"]
[WhiteTeam "SG Trier"]
[BlackTeam "SV Medizin Erfurt"]

1. d4 Nf6 2. Nf3 g6 3. Bf4 Bg7 4. e3 d6 5. c3 O-O 6. Bd3 c5 7. Bc2 cxd4 8. exd4
e6 9. Nbd2 Nc6 10. Qe2 d5 11. O-O-O Qa5 12. a3 b5 13. Nb3 Qb6 14. Bd6 Nxd4 15.
Nfxd4 Qxd6 16. Nxb5 Qb6 17. N5d4 Ba6 18. Qe1 Bc4 19. Nd2 Rab8 20. b4 Rfc8 21.
Kb2 Nd7 22. Nb1 Qc7 23. Ba4 Nb6 24. Bb3 Bxb3 25. Nxb3 Na4+ 26. Ka2 Nxc3+ 27.
Nxc3 Qxc3 28. Qxc3 Rxc3 29. Rc1 Rbc8 30. Rxc3 Rxc3 31. Rc1 Rxc1 32. Nxc1 Kf8
33. a4 Ke7 34. b5 Bd4 35. f4 Kd6 36. Nd3 f6 37. Kb3 e5 38. fxe5+ fxe5 39. Kc2
e4 40. Nc1 Bb6 0-1

[Event "Sparkassen-Open B"]
[Site "Heusenstamm, Martinsee"]
[Date "2021.11.19"]
[Round "3.34"]
[White "Pu, Tim Yu"]
[Black "Homfeldt, Maren"]
[Result "1-0"]
[WhiteElo "1620"]
[BlackElo "1144"]
[PlyCount "77"]
[EventDate "2021.??.??"]
[WhiteTeam "SV Großauheim"]
[BlackTeam "SC Noris-Tarrasch Nürnberg"]

1. d4 e6 2. Bf4 Ne7 3. e3 h6 4. Nf3 d6 5. Nbd2 Nf5 6. e4 Nh4 7. g3 Nxf3+ 8.
Nxf3 d5 9. exd5 Bb4+ 10. c3 Bd6 11. Bxd6 cxd6 12. Bg2 exd5 13. O-O Bg4 14. Re1+
Kf8 15. h3 Bxf3 16. Qxf3 Qf6 17. Qxd5 Nc6 18. Qb3 Na5 19. Qb5 Qd8 20. b4 Qg5
21. Qxa5 g6 22. Qxg5 hxg5 23. Kh2 g4 24. Bxb7 Rxh3+ 25. Kg2 Rd8 26. Rh1 Rh5 27.
Rxh5 gxh5 28. Rh1 Rb8 29. Bd5 Rb7 30. Rxh5 Re7 31. Rg5 Ke8 32. Rxg4 f5 33. Rg8+
Kd7 34. Rf8 Re2 35. Rxf5 Rxa2 36. g4 a5 37. bxa5 Rxa5 38. Be6+ Kc7 39. Rxa5 1-0